[Event "Karlovy Vary CupT U16"]
[Site "Karlovy Vary"]
[Date "2020.01.22"]
[Round "1.2"]
[White "Ocenasek, Jan"]
[Black "Jirousek, Jan"]
[Result "0-1"]
[WhiteElo "1376"]
[BlackElo "2052"]
[PlyCount "166"]
[EventDate "2020.01.22"]
[EventType "team-swiss"]
[EventRounds "4"]
[EventCountry "CZE"]
[SourceTitle "CBM 194 Extra"]
[Source "ChessBase"]
[SourceDate "2020.03.31"]
[SourceVersion "1"]
[SourceVersionDate "2020.03.31"]
[SourceQuality "1"]
[WhiteTeam "Karlovarsky kraj"]
[BlackTeam "Pardubicky kraj"]
[WhiteTeamCountry "CZE"]
[BlackTeamCountry "CZE"]

1. d4 d5 2. c4 e6 3. Nc3 Nf6 4. cxd5 exd5 5. Bg5 c6 6. e3 Be6 7. Bd3 Nbd7 8. Nf3 h6 9. Bh4 Bd6 10. Qc2 0-0 11. 0-0 Qc7 12. Bg3 Rac8 13. Rfb1 Bxg3 14. hxg3 Ne8 15. Ne2 Nd6 16. Nf4 Rfe8 17. Rc1 Qb8 18. Nd2 Nf6 19. b4 a6 20. f3 Bd7 21. Kf2 Nb5 22. a4 Nd6 23. a5 Re7 24. Nb3 Rce8 25. Re1 Bc8 26. Nc5 Nd7 27. Rab1 Nxc5 28. bxc5 Nb5 29. Bxb5 axb5 30. Ra1 Qc7 31. Qc3 Qd8 32. Nd3 Re6 33. Ne5 Qe7 34. Ra3 f6 35. Ng6 Qf7 36. Nf4 R6e7 37. Qd3 g5 38. Ne2 Rxe3 39. Qxe3 Rxe3 40. Rxe3 Kf8 41. Nc1 Bf5 42. Nd3 Bxd3 43. Rxd3 Qc7 44. Ra1 Qc8 45. Rda3 Qf5 46. R1a2 Kg7 47. a6 bxa6 48. Rxa6 Qd3 49. Ra7+ Kg6 50. Rc7 Qxd4+ 51. Ke1 Qc3+ 52. Rd2 Qxc5 53. Rc8 b4 54. Re8 Qa5 55. Ree2 b3 56. Kf1 Qa1+ 57. Re1 Qc3 58. Rde2 b2 59. Rb1 Qc1+ 60. Re1 Qc4+ 61. Kf2 Qd4+ 62. Kf1 Qc4+ 63. Kf2 c5 64. Re2 d4 65. Rexb2 d3 66. Rd2 Qd4+ 67. Kf1 c4 68. Rbd1 Qe5 69. Kf2 h5 70. Re1 Qc5+ 71. Re3 c3 72. Rdxd3 c2 73. Rc3 c1Q 74. Rxc1 Qxc1 75. f4 g4 76. Re6 Kf5 77. Re2 Qc5+ 78. Re3 h4 79. gxh4 g3+ 80. Kf3 Kg6 81. Re2 Qc3+ 82. Re3 Qd2 83. Ke4 f5+ 0-1